000 00443cam a2200145 4500500
005 20251012012414.0
041 _afre
042 _adc
100 1 0 _aMorisson, Batiste
_eauthor
245 0 0 _a“Destin”
260 _c2023.
500 _a70
786 0 _nPhilosophie magazine | 166 | 1 | 2023-02-01 | p. 45-45 | 1951-1787
856 4 1 _uhttps://shs.cairn.info/magazine-philosophie-magazine-2023-1-page-45?lang=fr&redirect-ssocas=7080
999 _c1526605
_d1526605